000 00352nam a2200157Ia 4500
008 200305s9999 xx 000 0 und d
020 _a978-1-138-69475-0
082 _a801
082 _bRUH
100 _aRUSSELL
245 _aHISTORY OF WESTERN PHILOSOPHY
260 _aNEW DELHI
_bATLANTIC
300 _a778
650 _aENGLISH
999 _c38130
_d38130
041 _aeng